Contemporary women's health : (Record no. 878)

000 -LEADER
fixed length control field 01395nam a22004217a 4500
001 - CONTROL NUMBER
control field 1916044
003 - CONTROL NUMBER IDENTIFIER
control field OSt
005 - DATE AND TIME OF LATEST TRANSACTION
control field 20210426095751.0
008 - FIXED-LENGTH DATA ELEMENTS--GENERAL INFORMATION
fixed length control field 851202s1986 cauk b 001 0 eng c
010 ## - LIBRARY OF CONGRESS CONTROL NUMBER
LC control number 85030619
020 ## - INTERNATIONAL STANDARD BOOK NUMBER
International Standard Book Number 020112582X (pbk.)
040 ## - CATALOGING SOURCE
Original cataloging agency DNLM/DLC
Transcribing agency DLC
Modifying agency eng
Language of cataloging eng
041 ## - LANGUAGE CODE
Language code of text/sound track or separate title eng
050 00 - LIBRARY OF CONGRESS CALL NUMBER
Classification number RA564.85
Item number .K47 1986
060 #0 - NATIONAL LIBRARY OF MEDICINE CALL NUMBER
Classification number WY 156.7 G853c
080 ## - UNIVERSAL DECIMAL CLASSIFICATION NUMBER
Universal Decimal Classification number 614
Item number K-33
082 00 - DEWEY DECIMAL CLASSIFICATION NUMBER
Classification number 613/.04244
Edition number 19
245 00 - TITLE STATEMENT
Title Contemporary women's health :
Remainder of title a nursing advocacy approach /
Statement of responsibility, etc. / by: Addison-Wesley, Health Sciences Division
260 ## - PUBLICATION, DISTRIBUTION, ETC.
Place of publication, distribution, etc. Menlo Park, Calif. :
Name of publisher, distributor, etc. Addison-Wesley, Health Sciences Division
Date of publication, distribution, etc. c1986.
300 ## - PHYSICAL DESCRIPTION
Extent xiv, 642 p. :
Other physical details forms ;
Dimensions 24 cm.
500 ## - GENERAL NOTE
General note Includes index.
504 ## - BIBLIOGRAPHY, ETC. NOTE
Bibliography, etc. note Bibliography: p. 623-633.
650 #0 - SUBJECT ADDED ENTRY--TOPICAL TERM
Topical term or geographic name entry element Women
General subdivision Health and hygiene.
650 #0 - SUBJECT ADDED ENTRY--TOPICAL TERM
Topical term or geographic name entry element Public Health
9 (RLIN) 337
650 #0 - SUBJECT ADDED ENTRY--TOPICAL TERM
Topical term or geographic name entry element Women's health services.
650 #0 - SUBJECT ADDED ENTRY--TOPICAL TERM
Topical term or geographic name entry element Women
General subdivision Diseases.
650 #0 - SUBJECT ADDED ENTRY--TOPICAL TERM
Topical term or geographic name entry element Nurse and patient.
650 #2 - SUBJECT ADDED ENTRY--TOPICAL TERM
Topical term or geographic name entry element Genital Diseases, Female
General subdivision nursing.
650 #2 - SUBJECT ADDED ENTRY--TOPICAL TERM
Topical term or geographic name entry element Health
General subdivision nurses' instruction.
650 #2 - SUBJECT ADDED ENTRY--TOPICAL TERM
Topical term or geographic name entry element Life Style.
650 #2 - SUBJECT ADDED ENTRY--TOPICAL TERM
Topical term or geographic name entry element Socioeconomic Factors.
650 #2 - SUBJECT ADDED ENTRY--TOPICAL TERM
Topical term or geographic name entry element Women.
653 ## - INDEX TERM--UNCONTROLLED
Uncontrolled term საზოგადოებრივი ჯანდაცვა
653 ## - INDEX TERM--UNCONTROLLED
Uncontrolled term ქალთა ჯანმრთელობა
700 1# - ADDED ENTRY--PERSONAL NAME
Personal name Griffith-Kenney, Janet W.
906 ## - LOCAL DATA ELEMENT F, LDF (RLIN)
a 7
b cbc
c orignew
d 1
e ocip
f 19
g y-gencatlg
942 ## - ADDED ENTRY ELEMENTS (KOHA)
Source of classification or shelving scheme
Koha item type Books
Holdings
Withdrawn status Lost status Source of classification or shelving scheme Damaged status Not for loan Permanent location Current location Date acquired Inventory number Total Checkouts Full call number Barcode Date last seen Price effective from Koha item type
          Ken Walker International University Ken Walker International University 12/29/2020 2355   614 K-33 2355 12/29/2020 12/29/2020 Books

Powered by Koha